000 00657cab a2200169 4500
001 L130787
008 050727n2005 000 0 eng u
035 _a(Sirsi) u130787
041 _aeng
245 _aSpecial report: business parks
260 _c2005
490 _aProperty Week
_v70(34) 26 August 2005, 71-80(6)
520 _aSpecial report examining the business park sector, including subletting and mixed use. Includes Strutt and Parker/IPD Business Park Index data on the sector, including rents and yields, and 2004 performance.
590 _aIKA300805
690 _aPROPERTY-COMMERCIAL PROPERTY-OFFICE PROPERTY-BUSINESS PARKS
942 _n0
999 _c104581
_d104581